000 01002nam a22002417a 4500
016 _a954.93 PUN
041 _h1
082 _a954.93
_mPUN
100 _aපුඤ්ඤරතන හිමි, හාන්දුපැල්පොල
245 _aලංකා ඉතිහාසය ද්විතීය භාගය:
_bවිමර්ශන සහිත
260 _bමරදාන:
_aසමයවර්ධන,
_c1995
300 _a324p:
_c22 cm
365 _b195.00
650 _aශ්‍රි ලංකාවේ ඉතිහාසය
_aHistory of Sri Lanka
942 _cLN
_n1
999 _c3668
_d3668